[Event "World Youth Open U14 2016"]
[Site "Khanty-Mansiysk RUS"]
[Date "2016.09.28"]
[Round "6.31"]
[White "Juksta, Karolis"]
[Black "Balashov, Egor"]
[Result "1-0"]
[WhiteElo "2046"]
[BlackElo "1799"]
[WhiteFideId "12809039"]
[BlackFideId "34125768"]
[EventDate "2016.09.22"]

1. d4 Nf6 2. c4 c5 3. d5 b5 4. cxb5 a6 5. f3 d6 6. e4 g6 7. Nc3 Bg7 8. Be3 O-O
9. a4 Qa5 10. Bd3 Nfd7 11. Ne2 Ne5 12. O-O Nxd3 13. Qxd3 Nd7 14. f4 Qb4 15. Kh1
Nb6 16. a5 Nc4 17. b6 Nxa5 18. Rfb1 Bd7 19. Ra3 Rfb8 20. Na2 Qc4 21. Qd1 Qxe4
22. Rxa5 Qxe3 23. Ra3 Qe4 24. Nac3 Qf5 25. Qb3 e6 26. Rba1 Bc8 27. Ra4 Bb7 28.
Ng3 Qf6 29. Nge4 Qe7 30. dxe6 fxe6 31. Ng5 Bxc3 32. bxc3 Bd5 33. c4 Bb7 34. R4a2
h6 35. Nh3 Rf8 36. Re2 Qf6 37. Rc1 Rae8 38. Qd3 e5 39. fxe5 Rxe5 40. Rxe5 dxe5
41. Ng1 Kg7 42. Qe3 Qxb6 43. Qxe5+ Rf6 44. Nh3 Qd6 45. Qxd6 Rxd6 46. Re1 Kf6 47.
Re8 Rb6 48. Ng1 Kf5 49. Re7 Kf6 50. Rc7 Ke5 51. Rxc5+ Kd4 52. Rc7 g5 1-0

[Event "World Youth Open U14 2016"]
[Site "Khanty-Mansiysk RUS"]
[Date "2016.09.28"]
[Round "6.32"]
[White "Mochalin, Faddey"]
[Black "Ogorodnikov, Nikolai"]
[Result "1-0"]
[WhiteElo "1912"]
[BlackElo "1774"]
[WhiteFideId "34147290"]
[BlackFideId "34164984"]
[EventDate "2016.09.22"]

1. d4 e6 2. c4 d5 3. Nc3 c6 4. e4 dxe4 5. Nxe4 Nf6 6. Nxf6+ Qxf6 7. Nf3 Bb4+ 8.
Bd2 Bxd2+ 9. Qxd2 c5 10. dxc5 O-O 11. Qd4 Qxd4 12. Nxd4 e5 13. Nc2 Bf5 14. Ne3
Be6 15. O-O-O Nd7 16. g4 Nxc5 17. Bg2 Rad8 18. Bd5 e4 19. Kc2 Nd3 20. Rhf1 Bxd5
21. Nxd5 Rfe8 22. b3 Kf8 23. h3 Rc8 24. Kd2 Re6 25. Ke3 g6 26. f3 Nc5 27. f4 f5
28. Nb4 a5 29. Nc2 Nd3 30. Nd4 Rf6 31. gxf5 gxf5 32. Nxf5 Re8 33. Nd4 Rh6 34.
Rh1 Rh4 35. Ne2 Kf7 36. Rdf1 Nc5 37. Nc3 Rg8 38. Ne2 Rd8 39. Nd4 Kf6 40. Rfg1
Rh5 41. h4 Rh6 42. Rg5 b6 43. Rf5+ Kg7 44. Rxc5 bxc5 45. Nf5+ Kg6 46. Nxh6 Kxh6
47. Kxe4 Kh5 48. f5 Re8+ 49. Kd5 Rf8 50. Ke6 Re8+ 51. Kf7 Rd8 52. f6 Kg4 53. Kg7
Rd7+ 54. f7 Kf5 55. Kg8 Rd8+ 56. f8=Q+ Rxf8+ 57. Kxf8 1-0

[Event "World Youth Open U14 2016"]
[Site "Khanty-Mansiysk RUS"]
[Date "2016.09.28"]
[Round "6.33"]
[White "Izumi, Haruki"]
[Black "Varbanov, Vladimir"]
[Result "0-1"]
[WhiteElo "1549"]
[BlackElo "1794"]
[WhiteFideId "7001703"]
[BlackFideId "2917505"]
[EventDate "2016.09.22"]

1. e4 e6 2. d4 d5 3. Nd2 c5 4. exd5 Qxd5 5. Ngf3 cxd4 6. Bc4 Qd6 7. O-O Nf6 8.
Nb3 Nc6 9. Nbxd4 Nxd4 10. Nxd4 a6 11. c3 Qc7 12. Bd3 Bd6 13. h3 h6 14. Re1 O-O
15. Qf3 Be5 16. Bd2 Bd7 17. Qe3 Bd6 18. Re2 Rac8 19. Rae1 Bc6 20. Nxc6 Qxc6 21.
Qd4 Rfd8 22. Qh4 Be7 23. Qg3 Qd6 24. Qxd6 Rxd6 25. Bc2 Nd5 26. a3 Bf6 27. Be4
Rcc6 28. Bc1 Kf8 29. Rd1 Nxc3 30. Rxd6 Nxe2+ 31. Kf1 Rxd6 32. Kxe2 Rb6 33. b4
Ke8 34. Be3 Rb5 35. Bc5 Be7 36. a4 Rxc5 37. bxc5 Bxc5 38. Bxb7 a5 39. Bc6+ Ke7
40. f3 Kd6 41. Bb5 Ke5 42. Kd3 Kf4 43. Ke2 e5 44. Bd3 Bd4 45. Bc2 Bc3 46. Bd3
Kg3 47. Kf1 Kh4 48. Bc2 Kg5 49. Bd3 g6 50. Bc2 Kf6 51. Ke2 Ke7 52. Kd3 Bb4 53.
g4 Kf6 54. Ke2 Kg5 55. Kf1 Kf4 56. Kg2 Ke3 57. Bb3 f5 58. Bf7 e4 59. fxe4 f4 60.
Kf1 g5 61. Bd5 Bc5 62. Bc4 Kf3 63. Bd3 Kg3 64. Be2 Bd4 65. Bc4 Kxh3 66. Be6 Kg3
67. Bd7 h5 68. gxh5 g4 69. e5 Bxe5 70. Bc6 f3 71. Bd5 Kf4 72. Be6 g3 73. Bh3 Kg5
74. Kg1 Kxh5 75. Bf1 Kg4 76. Kh1 Kf4 77. Kg1 Bd4+ 78. Kh1 Ke3 79. Bb5 Kd2 80.
Bf1 g2+ 81. Bxg2 fxg2+ 82. Kxg2 Kc3 83. Kf3 Kb4 84. Ke2 Kxa4 85. Kd1 Kb3 86. Kc1
a4 87. Kb1 a3 88. Kc1 a2 0-1

[Event "World Youth Open U14 2016"]
[Site "Khanty-Mansiysk RUS"]
[Date "2016.09.28"]
[Round "6.34"]
[White "Slater-Jones, Henry"]
[Black "Araoz Andrade, Ivan Alexander"]
[Result "0-1"]
[WhiteTitle "CM"]
[WhiteElo "1825"]
[BlackElo "1746"]
[WhiteFideId "3222101"]
[BlackFideId "3825299"]
[EventDate "2016.09.22"]

1. d4 Nf6 2. c4 e6 3. Nc3 Bb4 4. Qc2 d5 5. e3 O-O 6. Bd3 dxc4 7. Bxc4 c5 8. dxc5
Bxc5 9. Nge2 Nc6 10. O-O b6 11. a3 Bb7 12. Rd1 Qc7 13. b4 Be7 14. Nb5 Qb8 15.
Bb2 a6 16. Nbd4 Ne5 17. Ba2 Neg4 18. Ng3 Rc8 19. Qe2 h5 20. h3 h4 21. Nf1 Ne5
22. Nxe6 fxe6 23. Bxe6+ Nf7 24. Bxf6 Bxf6 25. Bxc8 Qxc8 26. Rac1 Qe6 27. Qc4 Qf5
28. Qc7 Bxg2 29. Kxg2 Qg6+ 30. Ng3 Ne5 31. Qb7 Rf8 32. Qe4 Qg5 33. Qf4 hxg3 34.
Qxg5 Bxg5 35. Kxg3 Rf3+ 36. Kg2 Bh4 37. Rc2 Rf6 38. Rd4 Nf3 39. Rf4 Rxf4 40.
exf4 Ne1+ 0-1

[Event "World Youth Open U14 2016"]
[Site "Khanty-Mansiysk RUS"]
[Date "2016.09.28"]
[Round "6.35"]
[White "Horn, Aldo"]
[Black "Thybo, Thomas Sondergaard"]
[Result "0-1"]
[WhiteElo "1307"]
[BlackElo "1971"]
[WhiteFideId "15200744"]
[BlackFideId "1441299"]
[EventDate "2016.09.22"]

1. e4 c6 2. d4 d5 3. exd5 cxd5 4. Nf3 Nf6 5. Bd3 Nc6 6. Bf4 Bg4 7. c3 g6 8. h3
Bd7 9. Qc1 h6 10. O-O Bg7 11. Re1 Rc8 12. Qe3 Nh5 13. Bd6 Bxh3 14. Ba3 Be6 15.
Bxg6 fxg6 16. Qxe6 Nf4 17. Qg4 O-O 18. Nbd2 g5 19. Nxg5 hxg5 20. Qxg5 Rf7 21.
Qg4 b5 22. Re3 a5 23. Bc5 e5 24. dxe5 Nxe5 25. Rxe5 Rxc5 26. Re3 d4 27. cxd4 Rg5
28. Qd1 Rxg2+ 29. Kf1 Qxd4 0-1

[Event "World Youth Open U14 2016"]
[Site "Khanty-Mansiysk RUS"]
[Date "2016.09.28"]
[Round "6.36"]
[White "Hsu, Hsuan-Ming"]
[Black "Ryabov, Georgi"]
[Result "1-0"]
[WhiteElo "1727"]
[BlackElo "1572"]
[WhiteFideId "16300823"]
[BlackFideId "44107315"]
[EventDate "2016.09.22"]

1. e4 d6 2. d4 Nf6 3. Nc3 g6 4. f3 Bg7 5. Be3 O-O 6. Qd2 c6 7. Nge2 Nbd7 8. Bh6
Re8 9. h4 Bh8 10. O-O-O e5 11. dxe5 dxe5 12. g4 Qe7 13. Ng3 Nb6 14. Bd3 Be6 15.
Nf5 Bxf5 16. gxf5 Nh5 17. Rdg1 Bg7 18. Ne2 Rad8 19. Bxg7 Kxg7 20. Ng3 Nxg3 21.
Rxg3 Kh8 22. fxg6 fxg6 23. h5 g5 24. Qxg5 Qxg5+ 25. Rxg5 Nd7 26. Kd2 Nc5 27. Ke3
Nxd3 28. cxd3 c5 29. Rhg1 Re7 30. R1g3 Rf8 31. Rg1 Rd8 32. f4 exf4+ 33. Kxf4 b6
34. Rd5 Rf7+ 35. Ke3 Rxd5 36. exd5 Rg7 37. Rxg7 Kxg7 38. Kf4 Kh6 39. d6 1-0

[Event "World Youth Open U14 2016"]
[Site "Khanty-Mansiysk RUS"]
[Date "2016.09.29"]
[Round "7.1"]
[White "Blohberger, Felix"]
[Black "Lomasov, Semen"]
[Result "0-1"]
[WhiteTitle "FM"]
[BlackTitle "FM"]
[WhiteElo "2256"]
[BlackElo "2393"]
[WhiteFideId "1632051"]
[BlackFideId "24164879"]
[EventDate "2016.09.22"]

1. Nf3 Nf6 2. c4 c5 3. Nc3 e6 4. e3 d5 5. d4 Nc6 6. a3 a6 7. dxc5 Bxc5 8. b4 Ba7
9. Bb2 O-O 10. Qc2 d4 11. exd4 Nxd4 12. Nxd4 Bxd4 13. Be2 e5 14. Rd1 Qc7 15. O-O
Rd8 16. Na4 Bxb2 17. Rxd8+ Qxd8 18. Qxb2 Qc7 19. Rd1 Bd7 20. Nc3 Re8 21. Qd2 Bc6
22. Qd6 Qc8 23. a4 h5 24. c5 Qf5 25. b5 axb5 26. axb5 Bxg2 27. Kxg2 Ng4 28. Bf3
Qf4 29. Rh1 h4 30. Qd3 h3+ 31. Kf1 e4 32. Nxe4 Ne5 33. Qe3 Qxf3 34. Rg1 Qd1+ 35.
Qe1 Qd3+ 36. Qe2 Qb1+ 37. Qe1 Qxb5+ 38. Qe2 Qb1+ 39. Qe1 Qxe1+ 0-1

[Event "World Youth Open U14 2016"]
[Site "Khanty-Mansiysk RUS"]
[Date "2016.09.29"]
[Round "7.2"]
[White "Esipenko, Andrey"]
[Black "Peng, Hongchi"]
[Result "1-0"]
[WhiteTitle "FM"]
[WhiteElo "2490"]
[BlackElo "2241"]
[WhiteFideId "24175439"]
[BlackFideId "8609047"]
[EventDate "2016.09.22"]

1. d4 Nf6 2. c4 e6 3. Nf3 Bb4+ 4. Nbd2 b6 5. a3 Bxd2+ 6. Qxd2 Bb7 7. e3 d6 8.
Be2 Nbd7 9. O-O Ne4 10. Qc2 f5 11. d5 e5 12. Nd2 Nxd2 13. Bxd2 O-O 14. f4 Qe7
15. Bd3 e4 16. Be2 a5 17. b4 axb4 18. axb4 Qf7 19. Bc3 b5 20. cxb5 Nb6 21. Bd4
Bxd5 22. Ra6 Bb7 23. Ra5 Rfc8 24. Rfa1 h6 25. h3 Kh7 26. Kh2 c5 27. bxc6 Rxc6
28. Qa2 Qxa2 29. R1xa2 Rxa5 30. Rxa5 Rc2 31. Bd1 Rc1 32. Bb3 Nc8 33. Be6 g6 34.
g4 fxg4 35. hxg4 Rc7 36. b5 Re7 37. f5 gxf5 38. gxf5 h5 39. f6 Re8 40. Ra1 d5
41. Bf5+ Kh6 42. Rg1 Nd6 43. f7 1-0

[Event "World Youth Open U14 2016"]
[Site "Khanty-Mansiysk RUS"]
[Date "2016.09.29"]
[Round "7.3"]
[White "Shevchenko, Kirill"]
[Black "Davtyan, Artur"]
[Result "1/2-1/2"]
[WhiteTitle "FM"]
[BlackTitle "FM"]
[WhiteElo "2438"]
[BlackElo "2280"]
[WhiteFideId "14129574"]
[BlackFideId "13308327"]
[EventDate "2016.09.22"]

1. e4 e6 2. d4 d5 3. Nd2 c5 4. Ngf3 cxd4 5. Nxd4 Nf6 6. exd5 Nxd5 7. N2f3 Bb4+
8. Bd2 Qb6 9. c3 Bc5 10. Bc4 O-O 11. O-O Nc6 12. Nb3 Be7 13. Bxd5 exd5 14. Be3
Qd8 15. h3 Bf5 16. Nfd4 Be4 17. Nxc6 bxc6 18. Nc5 Bxc5 19. Bxc5 Re8 20. Qd2 Qh4
21. f3 Bg6 22. Rfe1 a6 23. Bd4 f6 24. Kh2 Rab8 25. b4 Qg5 26. Qxg5 fxg5 27. Kg3
Kf7 28. a3 Rbd8 29. Kf2 h6 30. Rac1 Bd3 31. Re3 Rxe3 32. Kxe3 Bc4 33. Be5 Re8
34. Kd4 Re6 35. Rh1 Bb5 36. Rc1 Kg6 37. Rc2 Re8 38. Rf2 Rf8 39. Kc5 Re8 40. Kd4
Rf8 41. g3 Rf7 42. Kc5 Kf5 43. Kd6 Ba4 44. f4 Kg6 45. Ke6 Bb3 46. f5+ Rxf5 47.
Rxf5 d4+ 48. Kd6 Kxf5 49. Bxd4 Ba4 50. Bxg7 h5 51. Kc5 g4 52. hxg4+ hxg4 53. c4
Ke4 54. Kb6 Kd3 55. Ka5 Bd1 56. c5 Kc4 57. a4 Bc2 58. Bf8 Kd5 59. b5 axb5 60.
axb5 cxb5 61. Kxb5 Bg6 1/2-1/2

[Event "World Youth Open U14 2016"]
[Site "Khanty-Mansiysk RUS"]
[Date "2016.09.29"]
[Round "7.4"]
[White "Teclaf, Pawel"]
[Black "Pitzanti, Matteo"]
[Result "1-0"]
[WhiteTitle "CM"]
[WhiteElo "2342"]
[BlackElo "2175"]
[WhiteFideId "1185934"]
[BlackFideId "890693"]
[EventDate "2016.09.22"]

1. e4 e5 2. Nf3 Nc6 3. Bb5 a6 4. Ba4 Nf6 5. O-O Be7 6. Re1 b5 7. Bb3 d6 8. c3
O-O 9. h3 Nb8 10. d4 Nbd7 11. Nbd2 Bb7 12. Bc2 Re8 13. Nf1 Bf8 14. Ng3 g6 15. a4
exd4 16. cxd4 c5 17. d5 Bg7 18. Bf4 Nb6 19. Qd3 bxa4 20. Bxa4 Nxa4 21. Rxa4 Nd7
22. b3 Nb6 23. Ra2 a5 24. Bd2 a4 25. bxa4 Ba6 26. Qc2 Nc4 27. Bc3 Rb8 28. h4 h5
29. Raa1 Bxc3 30. Qxc3 Rb4 31. Ng5 Ne5 32. f4 Ng4 33. Nf1 Qb6 34. a5 Qa7 35. Ne3
Nh6 36. Qf6 c4 37. Kh1 Rb3 38. Nf5 Nxf5 39. exf5 Rbe3 40. Rxe3 Rxe3 41. Qd8+ 1-0

[Event "World Youth Open U14 2016"]
[Site "Khanty-Mansiysk RUS"]
[Date "2016.09.29"]
[Round "7.5"]
[White "Sam, Gabriel"]
[Black "Zarubitski, Viachaslau"]
[Result "1/2-1/2"]
[BlackTitle "FM"]
[WhiteElo "2069"]
[BlackElo "2340"]
[WhiteFideId "75000776"]
[BlackFideId "13509373"]
[EventDate "2016.09.22"]

1. e4 c5 2. Nf3 e6 3. d4 cxd4 4. Nxd4 Nc6 5. Nc3 Qc7 6. Be3 a6 7. Qf3 Nf6 8.
O-O-O Ne5 9. Qg3 b5 10. f4 Neg4 11. Bg1 h5 12. Bd3 Bb7 13. h3 b4 14. Nce2 Nh6
15. Qf3 h4 16. Kb1 d5 17. e5 Ne4 18. Qh5 g6 19. Qxh4 Be7 20. Qe1 Nf5 21. g4 Nxd4
22. Nxd4 g5 23. Be3 gxf4 24. Bxf4 Bh4 25. Qxb4 Nf2 26. g5 Nxh1 27. Rxh1 Qe7 28.
Qd2 O-O-O 29. Rg1 Rdg8 30. Rg4 Rh5 31. c3 Rgxg5 32. Bxg5 Rxg5 33. Nf3 Rxg4 34.
hxg4 Bg3 35. Qe3 Kb8 36. Qd4 Qd8 37. Kc2 Ka8 38. b4 Qc7 39. g5 Bc8 40. Kb3 Kb7 1/2-1/2

[Event "World Youth Open U14 2016"]
[Site "Khanty-Mansiysk RUS"]
[Date "2016.09.29"]
[Round "7.6"]
[White "Shubin, Kirill"]
[Black "Pavlov, Danila"]
[Result "1-0"]
[WhiteTitle "FM"]
[WhiteElo "2304"]
[BlackElo "2157"]
[WhiteFideId "34119962"]
[BlackFideId "34126594"]
[EventDate "2016.09.22"]

1. e4 e6 2. d4 d5 3. Nd2 c5 4. Ngf3 cxd4 5. Nxd4 Nf6 6. exd5 Nxd5 7. N2f3 a6 8.
c4 Nf6 9. Be2 Bd6 10. O-O Qc7 11. b4 b6 12. Ba3 O-O 13. c5 Be7 14. Rc1 b5 15.
Bb2 e5 16. Nb3 Nc6 17. a3 Rd8 18. Qc2 g6 19. Rcd1 Bf5 20. Qc1 Nd5 21. Rfe1 f6
22. g3 Be6 23. Nbd2 Rab8 24. Ne4 a5 25. Nc3 axb4 26. Nxb5 Qc8 27. Nd2 Nc3 28.
Nxc3 bxc3 29. Bxc3 Bxc5 30. Ne4 Be7 31. Rxd8+ Qxd8 32. Rd1 Qf8 33. a4 Bf5 34.
Nd2 Ba3 35. f4 Bb4 36. Bxb4 Rxb4 37. Qa1 Qc5+ 1-0

[Event "World Youth Open U14 2016"]
[Site "Khanty-Mansiysk RUS"]
[Date "2016.09.29"]
[Round "7.7"]
[White "Semjonovs, Ilja"]
[Black "Yakubboev, Nodirbek"]
[Result "0-1"]
[WhiteElo "2245"]
[BlackElo "2431"]
[WhiteFideId "11604263"]
[BlackFideId "14203987"]
[EventDate "2016.09.22"]

1. e4 c5 2. Nf3 Nc6 3. b3 Nf6 4. e5 Nd5 5. c4 Nc7 6. Bb2 Ne6 7. Nc3 g6 8. Qe2
Bg7 9. Nd5 d6 10. O-O-O dxe5 11. Nxe5 Ned4 12. Bxd4 Nxd4 13. Qe3 O-O 14. h4 Nf5
15. Qe2 e6 16. Nc3 Nxh4 17. g3 Nf5 18. Bg2 Qg5 19. Nf3 Qf6 20. g4 Nd4 21. Nxd4
Qxd4 22. Be4 h6 23. f3 a6 24. Qh2 Rd8 25. f4 Qd6 26. Qf2 Qe7 27. Rde1 Rb8 28.
Kc2 b5 29. cxb5 axb5 30. f5 b4 31. Na4 exf5 32. gxf5 Qf6 33. Rhf1 g5 34. Nxc5
Qb2+ 35. Kd1 Bd4 36. Qh2 Bxc5 37. Bc2 Ba6 0-1

[Event "World Youth Open U14 2016"]
[Site "Khanty-Mansiysk RUS"]
[Date "2016.09.29"]
[Round "7.8"]
[White "Peng, David T"]
[Black "Roseneck, Jonas"]
[Result "1-0"]
[WhiteTitle "FM"]
[WhiteElo "2273"]
[BlackElo "2178"]
[WhiteFideId "2059355"]
[BlackFideId "12939870"]
[EventDate "2016.09.22"]

1. e4 c5 2. Nf3 d6 3. d4 cxd4 4. Nxd4 Nf6 5. Nc3 a6 6. a4 e5 7. Nf3 Qc7 8. Bg5
Nbd7 9. Nd2 b6 10. Bc4 Bb7 11. Qf3 Be7 12. Bxf6 Nxf6 13. Bb3 O-O 14. O-O Qc5 15.
Qe2 Rfd8 16. Rfd1 Rac8 17. Bc4 a5 18. Ba6 Bxa6 19. Qxa6 Qd4 20. Rab1 Rc7 21. Nd5
Rcd7 22. Qe2 Bf8 23. b3 1-0

[Event "World Youth Open U14 2016"]
[Site "Khanty-Mansiysk RUS"]
[Date "2016.09.29"]
[Round "7.9"]
[White "Quirhuayo Chumbe, German Gonzalo"]
[Black "Zhao, Chenxi"]
[Result "0-1"]
[WhiteTitle "FM"]
[WhiteElo "2255"]
[BlackElo "2124"]
[WhiteFideId "3813509"]
[BlackFideId "8611513"]
[EventDate "2016.09.22"]

1. e4 c5 2. Nf3 e6 3. d4 cxd4 4. Nxd4 Nc6 5. Nc3 Qc7 6. Qd3 a6 7. Nxc6 bxc6 8.
Qg3 Qxg3 9. hxg3 d5 10. Be3 Bb4 11. exd5 cxd5 12. Bd4 f6 13. O-O-O Bd7 14. Bd3
Ne7 15. a3 Bxc3 16. Bxc3 Kf7 17. f4 h6 18. g4 Bb5 19. Bxb5 axb5 20. Rd3 Ra4 21.
g3 Rc8 22. Re1 Rac4 23. Re2 Rd8 24. b3 Rcc8 25. Kb2 Rd7 26. Red2 Re8 27. Bb4 Nc6
28. Bc5 Rc8 29. Rc3 e5 30. Bb6 Ne7 31. Rxc8 Nxc8 32. Bc5 Ne7 33. a4 bxa4 34. b4
d4 35. Ka3 Nd5 36. fxe5 fxe5 37. Re2 Kf6 38. Rf2+ Ke6 39. Kxa4 Nc3+ 40. Ka5 Kd5
41. Bb6 Kc4 42. g5 hxg5 43. Rf5 Rd5+ 44. Ka6 Kxb4 45. Rxg5 Ka3 46. Bc7 e4 47.
Rxg7 Kb2 48. Rh7 e3 49. g4 e2 50. Rh1 Kxc2 51. Bf4 d3 52. Rc1+ Kb2 53. Rg1 d2
54. Bxd2 Rxd2 55. g5 Rd1 56. Rg2 Kb3 0-1

[Event "World Youth Open U14 2016"]
[Site "Khanty-Mansiysk RUS"]
[Date "2016.09.29"]
[Round "7.10"]
[White "Zhou, Junfeng"]
[Black "Iniyan, P"]
[Result "0-1"]
[WhiteElo "2125"]
[BlackElo "2368"]
[WhiteFideId "8615330"]
[BlackFideId "25002767"]
[EventDate "2016.09.22"]

1. c4 Nf6 2. Nc3 g6 3. g3 Bg7 4. Bg2 O-O 5. Nf3 d6 6. O-O Nc6 7. Rb1 e5 8. b4 a6
9. d3 Nd4 10. a4 Bg4 11. Nd2 Qc8 12. Re1 h5 13. b5 axb5 14. Nxb5 Nxb5 15. axb5
h4 16. Bb2 hxg3 17. hxg3 Nh7 18. d4 Ng5 19. dxe5 dxe5 20. Ne4 Ne6 21. Nc3 Nd4
22. Nd5 Qd8 23. Bxd4 exd4 24. Qb3 Re8 25. e3 c6 26. Nb4 dxe3 27. Rxe3 Rxe3 28.
Qxe3 Bd4 29. Qf4 Bf5 30. bxc6 Bxb1 31. cxb7 Rb8 32. Nc6 Bxf2+ 33. Kh2 Qd1 34.
Qxb8+ Kh7 35. Qf4 Bg1+ 36. Kh3 Qh5+ 37. Qh4 Bf5+ 38. g4 Bxg4+ 39. Kg3 Bf2+ 40.
Kxf2 Qxh4+ 41. Kg1 Qe1+ 42. Kh2 Qd2 43. b8=Q Bf3 44. Qg3 Bxc6 45. Qh3+ Kg7 46.
Kg1 Bxg2 47. Qxg2 Qxg2+ 48. Kxg2 Kf8 49. Kf3 Ke7 50. Ke4 Kd6 51. Kd4 Kc6 0-1

[Event "World Youth Open U14 2016"]
[Site "Khanty-Mansiysk RUS"]
[Date "2016.09.29"]
[Round "7.11"]
[White "Miyasaka, Marcus M"]
[Black "Golikov, Daniil"]
[Result "0-1"]
[WhiteTitle "FM"]
[WhiteElo "2269"]
[BlackElo "2114"]
[WhiteFideId "2073102"]
[BlackFideId "24170623"]
[EventDate "2016.09.22"]

1. e4 e6 2. d4 d5 3. Nd2 c5 4. exd5 exd5 5. Bb5+ Nc6 6. Qe2+ Qe7 7. dxc5 Qxe2+
8. Kxe2 Bxc5 9. Nb3 Bd6 10. Be3 a6 11. Bd3 Nb4 12. c3 Nxd3 13. Kxd3 Ne7 14. Nf3
Bg4 15. Nbd4 O-O 16. h3 Bd7 17. Rhe1 f6 18. Rad1 Kf7 19. Kc2 b5 20. Kb1 Rab8 21.
Nc2 Rfc8 22. g4 a5 23. Bd4 h5 24. Ne3 Bf4 25. Rg1 b4 26. cxb4 Rxb4 27. Ka1 Bxe3
28. fxe3 hxg4 29. hxg4 Rh8 30. g5 Rh3 31. gxf6 gxf6 32. Rdf1 Nc6 33. Rf2 a4 34.
Bc3 Re4 35. Bd4 Ke7 36. a3 Nxd4 37. Nxd4 Rhxe3 38. Rg7+ Kd8 39. Rg8+ Kc7 40.
Rc2+ Kd6 41. Rd2 Ke5 42. Nc2 Re2 43. Rxe2 Rxe2 44. Nb4 Re1+ 45. Ka2 Rd1 46. Rd8
Bf5 47. Re8+ Kf4 0-1

[Event "World Youth Open U14 2016"]
[Site "Khanty-Mansiysk RUS"]
[Date "2016.09.29"]
[Round "7.12"]
[White "Remizov, Yaroslav"]
[Black "Yeritsyan, Aram"]
[Result "1-0"]
[WhiteElo "2218"]
[BlackElo "2117"]
[WhiteFideId "34134015"]
[BlackFideId "34161047"]
[EventDate "2016.09.22"]

1. e4 c5 2. Nf3 e6 3. d4 cxd4 4. Nxd4 Nf6 5. Nc3 d6 6. g4 h6 7. h4 Nc6 8. Rg1 h5
9. g5 Ng4 10. Be2 Qb6 11. Bxg4 Qxd4 12. Be3 Qb4 13. Be2 Qxb2 14. Nb5 Rb8 15. Rb1
Qxa2 16. Ra1 Qb2 17. Ra4 a6 18. Nxd6+ Bxd6 19. Qxd6 Qb1+ 20. Bd1 Qb5 21. c4 Qb1
22. g6 f6 23. e5 fxe5 24. Rg3 Bd7 25. Rf3 Qxg6 26. Bc5 Bc8 27. Rf8+ Rxf8 28.
Qxf8+ Kd7 29. Bf3 e4 30. Ra1 Qg1+ 31. Kd2 Qg6 32. Rd1 e5 33. Ke3+ Nd4 34. Qe7+
Kc6 35. Bxe4+ Qxe4+ 36. Kxe4 Nf5 37. Qxe5 1-0

[Event "World Youth Open U14 2016"]
[Site "Khanty-Mansiysk RUS"]
[Date "2016.09.29"]
[Round "7.13"]
[White "Gunduz, Umut Erdem"]
[Black "Ibrahimli, Murad"]
[Result "0-1"]
[WhiteElo "2109"]
[BlackElo "2203"]
[WhiteFideId "6381383"]
[BlackFideId "13410229"]
[EventDate "2016.09.22"]

1. e4 c5 2. Nf3 d6 3. d4 cxd4 4. Nxd4 Nf6 5. f3 a6 6. c4 g6 7. Be3 Bg7 8. Nc3
O-O 9. Be2 b6 10. O-O Bb7 11. Qd2 Re8 12. Rac1 Nbd7 13. Nd5 Rc8 14. Rfd1 e6 15.
Nc3 Ne5 16. Nb3 Bf8 17. Na4 Ned7 18. Qd4 Bc6 19. Nc3 Qe7 20. Kh1 Red8 21. Qd2
Re8 22. Nd4 Bb7 23. Bg5 Bg7 24. Nc2 d5 25. exd5 exd5 26. cxd5 Rxc3 27. Qxc3 Qxe2
28. Re1 Qb5 29. Qc7 Qxd5 30. Rxe8+ Nxe8 31. Qd8 Nf8 32. Re1 Qxd8 33. Bxd8 Ne6
34. Bxb6 Bxb2 35. Rb1 Be5 36. Bf2 Bd5 37. Nb4 Bc4 38. Rc1 Nd6 39. Ba7 Bf4 40.
Rc2 a5 41. Nc6 Bd3 42. Rc3 Bb5 43. Ne7+ Kg7 44. Nd5 Be5 45. Re3 Nc4 46. Re1 a4
47. f4 Bb2 48. Bb8 a3 49. Ne3 Nd2 50. Bd6 Bd3 51. Rd1 Ne4 52. Kg1 Be2 53. Rd5
Nxd6 54. Rxd6 Nxf4 55. Rd2 Bb5 56. Rd1 Nd3 57. Rd2 Nb4 58. Rd6 Nxa2 0-1

[Event "World Youth Open U14 2016"]
[Site "Khanty-Mansiysk RUS"]
[Date "2016.09.29"]
[Round "7.14"]
[White "Bharambe, Bhavik C"]
[Black "Tomasi, Albert"]
[Result "1/2-1/2"]
[WhiteElo "2104"]
[BlackElo "2200"]
[WhiteFideId "25019244"]
[BlackFideId "26063620"]
[EventDate "2016.09.22"]

1. d4 d5 2. c4 c6 3. Nc3 dxc4 4. e4 b5 5. a4 a6 6. axb5 cxb5 7. Nxb5 axb5 8.
Rxa8 Bb7 9. Ra1 e6 10. f3 Nc6 11. Be3 Bb4+ 12. Kf2 Na5 13. Ne2 Nb3 14. Ra2 Ne7
15. Nc1 Nxc1 16. Qxc1 O-O 17. g3 f5 18. Bg2 fxe4 19. f4 Nf5 20. Rd1 Nxe3 21.
Qxe3 e5 22. Ra7 exf4 23. gxf4 Qb8 24. Rda1 Bd6 25. Kg1 Bxf4 26. Qh3 Bc8 27. Qh5
Qd6 28. Kh1 e3 29. Rg1 Bf5 30. Ra8 Rxa8 31. Bxa8 Bg6 32. Qxb5 Qxd4 33. Bd5+ Kh8
34. Qb7 Qe5 35. Qc8+ Qe8 36. Qxc4 Bb8 37. Qe2 Qe5 38. Bf3 Bd3 39. Qg2 e2 40. Re1
Qxb2 41. Bxe2 1/2-1/2

[Event "World Youth Open U14 2016"]
[Site "Khanty-Mansiysk RUS"]
[Date "2016.09.29"]
[Round "7.15"]
[White "Hua, Eugene"]
[Black "Ismagilov, Damir"]
[Result "1/2-1/2"]
[WhiteTitle "CM"]
[WhiteElo "2142"]
[BlackElo "1927"]
[WhiteFideId "2618150"]
[BlackFideId "34199982"]
[EventDate "2016.09.22"]

1. c4 e5 2. g3 Nf6 3. Bg2 d5 4. cxd5 Nxd5 5. Nc3 Nb6 6. Nf3 Nc6 7. a3 Be7 8. d3
O-O 9. b4 a6 10. O-O Be6 11. Ne4 Bd5 12. Nc5 Bxc5 13. bxc5 Nd7 14. e4 Be6 15.
Be3 Qe7 16. Rc1 Rfd8 17. Qc2 f6 18. Rfd1 Nf8 19. d4 exd4 20. Nxd4 Nxd4 21. Bxd4
Bf7 22. Qb2 Ne6 23. Be3 Rxd1+ 24. Rxd1 Nxc5 25. Bxc5 Qxc5 26. Qxb7 Re8 27. Qxa6
Bb3 28. Re1 Rd8 29. Bh3 Kh8 30. Be6 Bxe6 31. Qxe6 Qxa3 32. e5 fxe5 33. Qxe5 Qd6
34. Qe8+ Qf8 35. Qc6 Qf7 36. Qe4 h6 37. Kg2 Qd5 38. Qxd5 Rxd5 39. Rc1 Rd7 1/2-1/2

[Event "World Youth Open U14 2016"]
[Site "Khanty-Mansiysk RUS"]
[Date "2016.09.29"]
[Round "7.16"]
[White "Marchuk, Rostislav"]
[Black "Olsen, Filip Boe"]
[Result "1/2-1/2"]
[BlackTitle "FM"]
[WhiteElo "2054"]
[BlackElo "2241"]
[WhiteFideId "34126195"]
[BlackFideId "1440640"]
[EventDate "2016.09.22"]

1. d4 d5 2. Bf4 Nf6 3. e3 c5 4. c3 Nc6 5. Nd2 Bf5 6. Ngf3 e6 7. Be2 h6 8. h3 Qb6
9. Qb3 c4 10. Qxb6 axb6 11. a3 b5 12. O-O Be7 13. Ne5 O-O 14. Bf3 Rfd8 15. Rfe1
Bd6 16. Nxc6 bxc6 17. Bxd6 Rxd6 18. e4 dxe4 19. Nxe4 Nxe4 20. Bxe4 Bxe4 21. Rxe4
Rd5 22. Kf1 Rad8 23. Ke1 Kf8 24. f4 Ke7 25. Re5 g5 26. Rxd5 Rxd5 27. fxg5 hxg5
28. a4 Rd7 29. axb5 cxb5 30. Ke2 Rd5 31. Ke3 Kf6 1/2-1/2